|
|
|
|
| LEADER |
00824ncm a22002412a 4500 |
| 001 |
000754179 |
| 003 |
CZ BrMZK |
| 005 |
20100701064741.0 |
| 007 |
qu |
| 008 |
041207s1926 xr |||||r|||||||| cze d |
| 015 |
|
|
|a cnb002126380
|
| 040 |
|
|
|a BOA001
|b cze
|c BOA001
|
| 072 |
|
7 |
|a 784
|x Vokální hudba
|2 Konspekt
|9 9
|
| 100 |
1 |
|
|a Nossberger, Kvido,
|d 1892-1967
|7 jx20040927007
|4 cmp
|
| 245 |
1 |
0 |
|a Pojď můj příteli, op. 68b
|h [hudebnina] :
|b (Život je krásný, život je sen) /
|c Quido Nossberger ; Václav Mírovský
|
| 260 |
|
|
|a Praha :
|b Šváb,
|c 1926
|
| 300 |
|
|
|a 3 s.
|
| 500 |
|
|
|a Zpěv
|
| 700 |
1 |
|
|a Mírovský, Václav,
|d 1902-1953
|7 jk01081787
|4 lyr
|
| 910 |
|
|
|a BOA001
|b Mus1-0588.333
|
| 990 |
|
|
|a MU
|
| 991 |
|
|
|b 200910
|
| 996 |
6 |
|
|b 2619209293
|c Mus1-0588.333
|l MZK
|r Sklad / do 1 hodiny
|n 1
|w 000754179
|u 000010
|a 1
|e BOA001
|j MZK50
|s P
|